Las Elecciones presidenciales dominicanas de 2000 /

Guardat en:
Dades bibliogràfiques
Autor principal: Espinal, Rosario
Format: Text
Matèries:
Etiquetes: Afegir etiqueta
Sense etiquetes, Sigues el primer a etiquetar aquest registre!

MARC

LEADER 00000 a a2200000 04500
001 1203
003
040
100 |a Espinal, Rosario  
245 |a Las Elecciones presidenciales dominicanas de 2000 /  |c Rosario Espinal  
650 |a REPUBLICA DOMINICANA  
650 |a ELECCIONES  
650 |a COMPORTAMIENTO POLITICO  
650 |a SISTEMAS ELECTORALES  
650 |a LEGISLACION  
650 |a PARTIDOS POLITICOS  
650 |a AFILIACION POLITICA  
650 |a OPOSICION POLITICA  
650 |a ALIANZAS  
650 |a CRISIS POLITICA  
650 |a SOLUCION DE CONFLICTOS  
650 |a SOCIEDAD CIVIL  
650 |a PARTICIPACION SOCIAL  
650 |a VOTACION  
773 |g volumen 4; páginas 39-44  
999 |c 20712  |d 20712